000 00849nac a22002651i 4500
003 EG-ScBUE
005 20240811112100.0
008 240811s1992 moua f 001 0 eng d
020 _a1872031358
035 _a(OCoLC)28064081
040 _aEG-ScBUE
_beng
_erda
_cEG-ScBUE
_dEG-ScBUE
043 _ae-uk---
082 0 4 _a941.00202
_bCHR
_222
245 0 0 _aChronicle of Britain :
_bincorporating a chronicle of Ireland.
264 1 _aLiberty, Missouri :
_bJL International Publication,
_c1992.
300 _a1296 pages :
_billustrations ;
_c30 cm
336 _2rdacontent
_atext
_btxt
337 _aunmediated
_2rdamedia
_bn
338 _avolume
_bnc
_2rdacarrier
500 _aIncludes index.
651 7 _aGreat Britain
_xHistory
_xChronology.
_2BUEsh
651 7 _aIreland
_xHistory
_xChronology.
_2BUEsh
655 _vReading book
942 _cNB
_2ddc
999 _c9394
_d9394